Water and marsh birds of the world /

Bibliographic Details
Main Author: Austin, Oliver Luther, 1903-1988
Other Authors: Singer, Arthur (Illustrator)
Format: Book
Language:English
Published: New York : Golden Press, [1967]
Subjects:

MARC

Tag First Indicator Second Indicator Subfields
LEADER 00000cam a22000001 4500
001 in00000775607
005 20151017064602.0
008 740504s1967 nyua 00010 eng
010 |a  67006784  
035 |a (OCoLC)01093047 
035 |9 ADN4699AM 
040 |a DLC  |c DLC  |d m.c.  |d TXA  |d UtOrBLW 
049 1 |a TXA1 [KAID] 
050 0 0 |a QL676  |b .A9 1967 
082 0 |a 598.29/24 
100 1 |a Austin, Oliver Luther,  |d 1903-1988. 
245 1 0 |a Water and marsh birds of the world /  |c by Oliver L. Austin, Jr. Illustrated by Arthur Singer. Edited by Herbert S. Zim. 
264 1 |a New York :  |b Golden Press,  |c [1967] 
300 |a 223 pages :  |b color illustrations ;  |c 21 cm. 
336 |a text  |b txt  |2 rdacontent 
337 |a unmediated  |b n  |2 rdamedia 
338 |a volume  |b nc  |2 rdacarrier 
650 0 |a Water birds. 
700 1 |a Singer, Arthur,  |e illustrator. 
999 |a MARS 
999 f f |s d1e07bb4-b6b3-3fc9-abc6-730df7c98471  |i 6b3080ff-fc35-3c57-8bd6-5e822be54417  |t 0 
952 f f |p noncirc  |a Texas A&M University  |b College Station  |c Cushing Memorial Library & Archives  |d Cushing: Kincaid/Misc. (Remote Storage: 2-3 day retrieval)  |t 0  |e QL676 .A9 1967  |h Library of Congress classification  |i unmediated -- volume 
998 f f |a QL676 .A9 1967  |t 0  |l Cushing: Kincaid/Misc. (Remote Storage: 2-3 day retrieval)